Fundamentals of polymer science and technology

Сохранить в:
Библиографические подробности
Главный автор: SRIVASTAVA, Anshu
Формат:
Язык:английский
Опубликовано: S.K. Katari Publishers 2014
Метки: Добавить метку
Нет меток, Требуется 1-ая метка записи!

MARC

LEADER 00000nam a22000007a 4500
008 211026b ||||| |||| 00| 0 eng d
020 |a  978-93-5014-291-2 
100 |a SRIVASTAVA, Anshu 
245 |a Fundamentals of polymer science and technology  |c Anshu Srivastava, Er. Shakun Srivastava  |g 277p.; ill. 
250 |b 2nd ed.-   |c Anshu Srivastava, Er. Shakun Srivastava 
260 |b S.K. Katari Publishers  |c 2014  |h New Delhi:   |i  691713  |i 691712 - Science,  |l QD381 .Sr3  |m Polymers  |m Srivastava, Shakun Er  |m Title. 
500 |a “It includes index”. 
942 |a lcc  |c BK  |e j. o. ifatola  |f 26/ 10/ 2021 
952 |0 0  |1 0  |2 lcc  |4 0  |6 QD0381 S R3  |7 0  |9 3680  |a HOL  |b HOL  |c QZ  |d 2021-10-26  |l 0  |o QD381 .Sr3  |p 2021-67416  |r 2021-10-26 00:00:00  |w 2021-10-26  |y BK 
952 |0 0  |1 0  |2 ddc  |4 0  |6 QD_381_000000000000000__SR3  |7 0  |9 3681  |a HOL  |b SL  |d 2021-10-26  |l 0  |o QD381 .Sr3  |p 2021-67417  |r 2021-10-26 00:00:00  |w 2021-10-26  |y BK 
999 |c 1830  |d 1830